| 000 | 00641cab a2200229 4500 | ||
|---|---|---|---|
| 001 | ABS43897 | ||
| 008 | 090401t1991 xxu||||| |||| 00| 0 eng d | ||
| 035 | _a(Sirsi) u44174 | ||
| 041 | _aeng | ||
| 100 | _aMacPherson, S. | ||
| 245 | _aEngineering for value | ||
| 260 | _c1991 | ||
| 350 | _a0 | ||
| 490 |
_aBuilding Services _v13(2) February 1991, 35-36(2) |
||
| 520 | _aIn the first of three articles on value engineering (VE), the authors explains what VE is and how it works. | ||
| 650 | _aBUILDING INDUSTRY | ||
| 690 | _aBUILT ENVIRONMENT | ||
| 700 | _aKelly, J. | ||
| 700 | _aWebb, R. | ||
| 942 | _n0 | ||
| 948 | _c04/03/1997 | ||
| 999 |
_c28160 _d28160 |
||